000 00491cam a2200145 4500500
005 20251012013944.0
041 _afre
042 _adc
100 1 0 _avan Woerkens, Martine
_eauthor
245 0 0 _aAnnie Montaut, Trois mille ans d’écologie indienne. Penser autrement la nature
260 _c2025.
500 _a33
786 0 _nL'Homme | 254 | 2 | 2025-09-15 | p. 231-233 | 0439-4216
856 4 1 _uhttps://shs.cairn.info/journal-lhomme-2025-2-page-231?lang=en&redirect-ssocas=7080
999 _c1530499
_d1530499